00759nam a2200181 a 450000100100000000500170001000800410002704000250006811000500009324501080014326000990025130000350035070000300038570000310041504900090044695201050045599900170056000003153420240715103629.0110627s20uu dr ac 000 0 spa d aDO-SdBNPbspacBNPHU2 aCentro Cultural Eduardo León Jimenes95690910aGuía general para docentes : exposiciones permanentes /ctexto Lorelay Carrión, Germania Luperón. a[Santiago de los Caballeros, República Dominicana :bCentro León,c[200?]fAmigo del Hogar a27 p. :bil., retrs. ;c27 cm.1 aCarrión, Lorelay9578991 aLuperón, Germania957900 aBNPD 0010718PDaPDbPDcCTd2011-06-27iLF1l0o p31534-10r2020-06-25w2020-06-25yLFPDZNo se presta c31026d31026